[Event "28. Staufer-Open (A)"]
[Site "?"]
[Date "2016.01.02"]
[Round "1"]
[White "Smolny, Frieder"]
[Black "Kramer, Julian"]
[Result "0-1"]
[WhiteElo "2158"]
[BlackElo "2364"]
[PlyCount "54"]
[EventDate "2016.??.??"]
[WhiteTeam "SC Weiße Dame Ulm"]
[BlackTeam "Hamburger SK"]

1. d4 Nf6 2. c4 g6 3. g3 c6 4. Bg2 d5 5. Nf3 Bg7 6. O-O O-O 7. Qa4 Nbd7 8. cxd5
Nb6 9. Qb3 cxd5 10. Nc3 Ne4 11. Bf4 Bf5 12. Nb5 Nc4 13. Nc7 Rc8 14. Qxb7 Ned6
15. Qxd5 Be4 16. Ne6 Bxd5 17. Nxd8 Rfxd8 18. b3 Na3 19. Rac1 Nc2 20. e3 Nb4 21.
Bxd6 exd6 22. a3 Nc2 23. Nd2 Bxg2 24. Kxg2 d5 25. Nb1 Rc7 26. h4 Rdc8 27. Kg1
Nxd4 0-1

[Event "28. Staufer-Open (A)"]
[Site "?"]
[Date "2016.01.02"]
[Round "1"]
[White "Hacker, Jonas"]
[Black "Weiss, Andreas"]
[Result "0-1"]
[WhiteElo "2357"]
[BlackElo "2148"]
[PlyCount "78"]
[EventDate "2016.??.??"]
[WhiteTeam "SC Eppingen"]
[BlackTeam "SG Schwäbisch Gmünd"]

1. e4 c5 2. Nf3 e6 3. d4 cxd4 4. Nxd4 a6 5. Nc3 Qc7 6. Bd3 Bc5 7. Nb3 Be7 8. a4
b6 9. f4 d6 10. O-O Nf6 11. e5 Nfd7 12. exd6 Bxd6 13. Qg4 O-O 14. Qh3 f5 15.
Be3 Bb7 16. Nd4 Rf6 17. Nxf5 exf5 18. Bxf5 Nf8 19. Ne4 Bxe4 20. Bxe4 Nc6 21. f5
Bc5 22. Bxc5 bxc5 23. Qc3 Qb6 24. Rad1 Rc8 25. Bxc6 Qxc6 26. Qc4+ Kh8 27. Rd5
Nd7 28. Rfd1 Nf8 29. b3 h6 30. h3 Qb6 31. Kh1 Nh7 32. h4 Rfc6 33. Rd7 Nf6 34.
Re7 Rd6 35. Rde1 Rf8 36. R7e6 Rfd8 37. Rxd6 Qxd6 38. Qf7 Qg3 39. Qe7 Rd2 0-1

[Event "28. Staufer-Open (A)"]
[Site "?"]
[Date "2016.01.02"]
[Round "1"]
[White "Partzsch, Lukas"]
[Black "Miedema, David"]
[Result "0-1"]
[WhiteElo "2146"]
[BlackElo "2347"]
[PlyCount "99"]
[EventDate "2016.??.??"]
[WhiteTeam "SC Matt im Park"]
[BlackTeam "Düsseldorfer SK"]

1. d4 e6 2. Nf3 Nf6 3. g3 b6 4. Bg2 Bb7 5. O-O Be7 6. c4 O-O 7. Nc3 Ne4 8. Qc2
Nxc3 9. Qxc3 d6 10. Be3 Nd7 11. Rfd1 Nf6 12. b4 Qe8 13. Qb3 b5 14. Rac1 a5 15.
bxa5 Rxa5 16. Bd2 Ra7 17. cxb5 Bd5 18. Qb4 Qa8 19. Ne1 Rb8 20. Bxd5 Nxd5 21.
Qb1 Rxa2 22. e4 Nf6 23. Rxc7 Bd8 24. Rc2 Rxc2 25. Qxc2 Qxe4 26. Bf4 Qxc2 27.
Nxc2 Bc7 28. Rb1 Nd5 29. Bd2 Kf8 30. Ne3 Nb6 31. Kf1 Ke7 32. Ke2 d5 33. Kd3 Bd6
34. Ba5 Nc8 35. Nd1 Ra8 36. Bb4 Kd7 37. Bxd6 Nxd6 38. Nc3 Ra3 39. Kc2 Kc7 40.
Rb3 Ra1 41. Kd2 g5 42. h3 h5 43. Rb4 h4 44. gxh4 gxh4 45. b6+ Kc6 46. Na4 Ra3
47. Ke1 Rxh3 48. Nc5 Nb7 49. Na6 Ra3 50. Nc5 0-1

[Event "28. Staufer-Open (A)"]
[Site "?"]
[Date "2016.01.02"]
[Round "1"]
[White "Welling, Gerard"]
[Black "Haag, Ulrich"]
[Result "1/2-1/2"]
[WhiteElo "2338"]
[BlackElo "2145"]
[PlyCount "72"]
[EventDate "2016.??.??"]
[BlackTeam "SV Backnang"]

1. g3 d5 2. Bg2 c6 3. Nf3 Nf6 4. O-O Bf5 5. d3 h6 6. c3 e6 7. Qb3 Qb6 8. Be3
Qxb3 9. axb3 a6 10. b4 Nbd7 11. Nd4 Bg6 12. Bh3 Bd6 13. Nd2 O-O 14. N2b3 Rfc8
15. Na5 Rab8 16. Nab3 Ra8 17. Ra2 Rc7 18. Rfa1 Re8 19. Nf3 e5 20. Bc5 Bf8 21.
Bxf8 Kxf8 22. d4 Bh5 23. Bxd7 Nxd7 24. Nxe5 Bxe2 25. Nxd7+ Rxd7 26. Nc5 Rde7
27. Re1 Bf3 28. Re3 Bg4 29. Rxe7 Rxe7 30. Kg2 Be2 31. b3 Bb5 32. Rc2 b6 33. Na4
Bxa4 34. bxa4 Ke8 35. Kf3 Kd7 36. Re2 Rxe2 1/2-1/2

[Event "28. Staufer-Open (A)"]
[Site "?"]
[Date "2016.01.02"]
[Round "1"]
[White "Keymer, Vincent"]
[Black "Reschke, Thomas"]
[Result "1-0"]
[WhiteElo "2324"]
[BlackElo "2139"]
[PlyCount "47"]
[EventDate "2016.??.??"]
[WhiteTeam "SK Gau-Algesheim"]
[BlackTeam "SC Frankfurt-West"]

1. d4 g6 2. c4 Bg7 3. Nf3 d6 4. Nc3 Bg4 5. g3 Bxf3 6. exf3 Nd7 7. Bg2 Ngf6 8.
O-O O-O 9. d5 Nb6 10. Qe2 Re8 11. f4 e6 12. dxe6 Rxe6 13. Be3 c6 14. Qd3 d5 15.
f5 gxf5 16. cxd5 Nbxd5 17. Rad1 Qe7 18. Nxd5 Nxd5 19. Bxd5 Rd8 20. Qxf5 cxd5
21. Rxd5 Rxd5 22. Qxd5 Bxb2 23. Rb1 Qb4 24. Rxb2 1-0

[Event "28. Staufer-Open (A)"]
[Site "?"]
[Date "2016.01.02"]
[Round "1"]
[White "Pohl, Walter"]
[Black "Donchenko, Anatoly"]
[Result "0-1"]
[WhiteElo "2137"]
[BlackElo "2317"]
[PlyCount "60"]
[EventDate "2016.??.??"]
[WhiteTeam "SG Schwäbisch Gmünd"]
[BlackTeam "SK Gießen"]

1. e4 c5 2. Nf3 d6 3. Bb5+ Bd7 4. Bxd7+ Qxd7 5. O-O e6 6. Re1 Nf6 7. d4 cxd4 8.
Nxd4 Nc6 9. Nc3 Be7 10. Be3 O-O 11. f3 a6 12. a4 Qc7 13. Nb3 b6 14. f4 Rab8 15.
Qe2 Qb7 16. Bf2 Rfc8 17. g4 Na5 18. Nxa5 bxa5 19. Rab1 h6 20. h4 d5 21. e5 Nd7
22. g5 hxg5 23. fxg5 Rc4 24. Rf1 Bc5 25. Bxc5 Nxc5 26. h5 Qb4 27. Qf3 Rg4+ 28.
Kh2 Rxg5 29. Qxf7+ Kh7 30. Rf3 Qg4 0-1

[Event "28. Staufer-Open (A)"]
[Site "?"]
[Date "2016.01.02"]
[Round "1"]
[White "Müller, Reinhold"]
[Black "Schlotterbeck, Peter"]
[Result "1-0"]
[WhiteElo "2301"]
[BlackElo "2126"]
[PlyCount "41"]
[EventDate "2016.??.??"]
[WhiteTeam "SC Schwarzenbach"]
[BlackTeam "SC Kirchentellinsfurt"]

1. d4 Nf6 2. c4 e6 3. Nf3 c5 4. d5 exd5 5. cxd5 d6 6. Nc3 g6 7. Bf4 Bg7 8. Qa4+
Bd7 9. Qb3 Qc7 10. Nd2 O-O 11. Nc4 Ne8 12. e3 b5 13. Nxb5 Bxb5 14. Qxb5 Nd7 15.
Qc6 Ne5 16. Bxe5 Bxe5 17. Qxa8 Bxb2 18. Rb1 Bc3+ 19. Kd1 Qd7 20. Bd3 Qa4+ 21.
Ke2 1-0

[Event "28. Staufer-Open (A)"]
[Site "?"]
[Date "2016.01.02"]
[Round "1"]
[White "Jurek, Josef"]
[Black "Schwab, Matthias"]
[Result "1-0"]
[WhiteElo "2288"]
[BlackElo "2121"]
[PlyCount "43"]
[EventDate "2016.??.??"]
[WhiteTeam "SG Schwäbisch Gmünd"]
[BlackTeam "SC Böblingen"]

1. Nf3 Nf6 2. c4 g6 3. d4 Bg7 4. g3 O-O 5. Bg2 d6 6. Nc3 Nbd7 7. O-O e5 8. e4
c6 9. h3 Qb6 10. Re1 Ne8 11. dxe5 dxe5 12. a3 a5 13. Be3 Qa6 14. b3 Nc7 15. Ra2
Ne6 16. Bf1 Rd8 17. Rd2 b6 18. c5 b5 19. a4 b4 20. Bxa6 bxc3 21. Bxc8 cxd2 22.
Qxd2 1-0